| 000 | 01164nam a22002655a 4500 | ||
|---|---|---|---|
| 003 | OSt | ||
| 005 | 20161220103707.0 | ||
| 008 | 161220s2012 ua frb 000 0 ara d | ||
| 015 | _a2011/16951 | ||
| 020 | _a9789770468469 | ||
| 040 |
_aEG-ScBUE _bara _cEG-ScBUE |
||
| 082 | 0 | 4 |
_a346.015 _bع ب د _222 |
| 100 | 1 | _aعبد المجيد، محمد نور الدين سيد. | |
| 245 | 1 | 0 |
_aأثر العلاقة الزوجية على أحكام التجريم والعقاب : _bدراسة في القانون الجنائي والفقه الإسلامي / _cمحمد نور الدين سيد عبد المجيد. |
| 260 |
_aالقاهرة : _bدار النهضة العربية، _c2012. |
||
| 300 |
_a215 ص. ؛ _c24 سم. |
||
| 504 | _aيشتمل على إرجاعات ببليوجرافية. | ||
| 650 | 7 |
_aالزواج _xقوانين وتشريعات. _2BUEsh |
|
| 650 | 7 |
_aالأحوال الشخصية _xقوانين وتشريعات. _2BUEsh |
|
| 650 | 7 |
_aالعلاقات الأسرية _xقوانين وتشريعات. _2BUEsh |
|
| 650 | 7 |
_aالزواج (فقه إسلامي) _2BUEsh |
|
| 651 | _2BUEsh | ||
| 653 |
_bLLAAWW _cDecember2016 |
||
| 942 | _2ddc | ||
| 999 |
_c23648 _d23620 |
||